000 00338nam a2200133Ia 4500
008 240624s9999 xx 000 0 und d
041 _aeng
082 _a741.5954 LAX
100 _aLAXMAN R K
245 _aCOMMON MAN TACKLES CORRUPTION
260 _c2002
_aNew Delhi
_bPenguin Books
300 _axiii, : 194 : p. : cm. ; 17
365 _cRS
999 _c3722
_d3722